000 00266nam a2200109Ia 4500
008 200302s9999 xx 000 0 und d
100 _aAlexander Schilling
245 _aBasics Modelbuilding
260 _bBirkhauser Publications, Basel
260 _c2007
300 _a79
999 _c4579
_d4579